000 00673nam a2200229 a 4500
008
020 _a074870583X (pbk.)
049 _aMAIN
090 _aTK7895.M5
100 1 _aDixey, Graham.
245 1 0 _aMicroprocessor interfacing /
_cGraham Dixey.
260 _aCheltenham :
_bThornes,
_c1991.
300 _aix, 100 p. :
_bill. ;
_c26 cm.
504 _aIncludes bibliographical references : p. 99.
500 _aIncludes index.
653 0 _aMicrocomputers
_aInterfaces (Computers).
907 _a.b10007520
_b07-09-05
_c17-04-03
003
005 20230123133647.0
040 _cNUST
942 _cBOOKS
_kTK7895.M5
999 _c152434
_d152434